000 00789nam a2200241Ia 4500
999 _c37415
_d37415
003 GCL
005 20240530103202.0
008 140319s9999 xx 000 0 ara d
040 _aGCL /
_cGCL
082 0 4 _a257.1
_bم ن
100 1 _aمحمد جلال شرف
245 1 0 _aنشاة الفكر السياسى وتطوره فى الاسلام /
_cمحمد جلال شرف
250 _aالثانية
260 _aبيروت :
_bدار النهضة العربية ،
_c1990
300 _a307 ص ؛
_c24 سم
650 0 4 _aالفلسفة الاسلامية
650 0 4 _aالخلافة
650 0 4 _aالاحكام السلطانية
650 0 4 _aالشورى
650 0 4 _aالحضارة الاسلامية
650 0 4 _aالاسلام والسياسة
942 _2ddc
_cBK